[Event "ZI-2016-0-02154"]
[Site "LSS email"]
[Date "2016.04.28"]
[Round "?"]
[White "Peraza Balleste, Orlando"]
[Black "Bier, Ingrid"]
[Result "0-1"]
[WhiteElo "1741"]
[BlackElo "1968"]
[PlyCount "80"]
[EventDate "2016.04.17"]
[EventType "match (corr)"]
[EventRounds "2"]
[EventCountry "GER"]
[SourceTitle "Corr 2022"]
[Source "ChessBase"]
[SourceDate "2021.10.24"]
[SourceVersion "1"]
[SourceVersionDate "2021.10.24"]
[SourceQuality "1"]

1. d4 Nf6 2. c4 g6 3. Nc3 Bg7 4. e4 d6 5. h3 0-0 6. Nf3 e5 7. d5 Nbd7 8. Bd3 Nh5 9. Bg5 f6 10. Be3 Nf4 11. 0-0 Nxd3 12. Qxd3 f5 13. Qe2 f4 14. Bc1 h5 15. b3 g5 16. Ne1 g4 17. hxg4 hxg4 18. Qxg4 Rf6 19. Qg5 Nf8 20. f3 Qe8 21. Nb5 Qd7 22. Qh4 Rh6 23. Qf2 Bf6 24. Bb2 Bh4 25. Qd2 Ng6 26. Rf2 Bg3 27. Qc2 Qh7 28. Kf1 Rh1+ 29. Ke2 Bxf2 30. Kxf2 Nh4 31. Ke2 Nxg2 32. Nxg2 Qh3 33. Kd2 Qxf3 34. Rxh1 Qxg2+ 35. Kc3 Qxh1 36. Bc1 Qg1 37. Kb2 f3 38. Nxc7 Bg4 39. Ne6 Bxe6 40. dxe6 Re8 0-1

[Event "OP-2016-0-03988"]
[Site "LSS email"]
[Date "2016.03.19"]
[Round "?"]
[White "Ducharme, Steven"]
[Black "Bier, Ingrid"]
[Result "0-1"]
[WhiteElo "861"]
[BlackElo "1962"]
[PlyCount "46"]
[EventDate "2016.03.12"]
[EventType "tourn (corr)"]
[EventRounds "4"]
[EventCountry "GER"]
[SourceTitle "Corr 2022"]
[Source "ChessBase"]
[SourceDate "2021.10.24"]
[SourceVersion "1"]
[SourceVersionDate "2021.10.24"]
[SourceQuality "1"]

1. Nf3 d5 2. g3 Nf6 3. Bg2 c6 4. 0-0 Bg4 5. d4 e6 6. Ne5 Bh5 7. Qd3 Be7 8. Nc3 0-0 9. e4 Nbd7 10. Bg5 h6 11. Nxd7 Qxd7 12. Bxf6 Bxf6 13. e5 Be7 14. f4 Bg6 15. Qd2 Rac8 16. a3 c5 17. Kh1 cxd4 18. Qxd4 Bxc2 19. Rac1 Rc4 20. Qxa7 Bc5 21. Qa5 Bd3 22. Rfd1 b6 23. Qb5 Qxb5 0-1

[Event "RC-2016-0-00182"]
[Site "LSS email"]
[Date "2016.01.28"]
[Round "?"]
[White "Bier, Ingrid"]
[Black "Moreira, Carlos"]
[Result "1-0"]
[WhiteElo "1968"]
[BlackElo "1742"]
[PlyCount "73"]
[EventDate "2015.11.25"]
[EventType "tourn (corr)"]
[EventRounds "6"]
[EventCountry "GER"]
[SourceTitle "Corr 2022"]
[Source "ChessBase"]
[SourceDate "2021.10.24"]
[SourceVersion "1"]
[SourceVersionDate "2021.10.24"]
[SourceQuality "1"]

1. e4 e5 2. Nf3 Nc6 3. Bb5 a6 4. Ba4 Nf6 5. 0-0 Be7 6. Re1 b5 7. Bb3 0-0 8. h3 Bb7 9. d3 d6 10. c3 Nd7 11. Nbd2 Re8 12. Nf1 h6 13. Ng3 Na5 14. Bc2 c5 15. Nf5 Bf8 16. Nh2 d5 17. Qf3 dxe4 18. dxe4 Re6 19. Ng4 Qe8 20. Qg3 Kh8 21. b3 Nc6 22. Bb2 Rc8 23. Rad1 Rd8 24. Qh4 Rg6 25. f3 c4 26. Bc1 Kg8 27. bxc4 bxc4 28. Nge3 Qe6 29. Nd5 Rc8 30. Be3 Nf6 31. Rd2 Ne7 32. Nb6 Rc7 33. Red1 Rg5 34. Rd8 Nxf5 35. exf5 Rxf5 36. Bxf5 Qxf5 37. Bxh6 1-0

[Event "RC-2016-0-00182"]
[Site "LSS email"]
[Date "2016.01.28"]
[Round "?"]
[White "Bier, Ingrid"]
[Black "Smaga, Aleksandr"]
[Result "1/2-1/2"]
[WhiteElo "1968"]
[BlackElo "1863"]
[PlyCount "93"]
[EventDate "2015.11.25"]
[EventType "tourn (corr)"]
[EventRounds "6"]
[EventCountry "GER"]
[SourceTitle "Corr 2022"]
[Source "ChessBase"]
[SourceDate "2021.10.24"]
[SourceVersion "1"]
[SourceVersionDate "2021.10.24"]
[SourceQuality "1"]

1. e4 e5 2. Nf3 Nf6 3. Bb5 c6 4. Be2 d5 5. exd5 e4 6. Nd4 Qxd5 7. Nb3 Qg5 8. Kf1 Be7 9. Nc3 0-0 10. d3 Qe5 11. Nxe4 Nxe4 12. f4 Qe6 13. dxe4 Qxe4 14. Bd3 Qd5 15. Kf2 a5 16. Re1 Re8 17. c3 Nd7 18. Be2 Qxd1 19. Bxd1 a4 20. Nd4 Nb6 21. a3 Bd7 22. Be2 Bc5 23. Bd3 Rxe1 24. Kxe1 Rd8 25. f5 Bd6 26. Nf3 h6 27. Bd2 c5 28. Rd1 Bc6 29. Bc2 Bc7 30. Kf2 Nd7 31. Be3 Re8 32. h3 b6 33. Re1 Nf6 34. Bc1 Rxe1 35. Nxe1 h5 36. Bg5 Ne4+ 37. Bxe4 Bxe4 38. g4 hxg4 39. hxg4 f6 40. Bc1 Kf7 41. Ng2 g5 42. fxg6+ Kxg6 43. Bf4 Bd8 44. Ne3 b5 45. Bd6 c4 46. Kg3 Kf7 47. Kf4 1/2-1/2

[Event "RC-2016-0-00182"]
[Site "LSS email"]
[Date "2016.01.28"]
[Round "?"]
[White "Malmstrom, Jan"]
[Black "Bier, Ingrid"]
[Result "0-1"]
[WhiteElo "1845"]
[BlackElo "1968"]
[PlyCount "54"]
[EventDate "2015.11.25"]
[EventType "tourn (corr)"]
[EventRounds "6"]
[EventCountry "GER"]
[SourceTitle "Corr 2022"]
[Source "ChessBase"]
[SourceDate "2021.10.24"]
[SourceVersion "1"]
[SourceVersionDate "2021.10.24"]
[SourceQuality "1"]

1. e4 e5 2. f4 d5 3. exd5 exf4 4. Nf3 Nf6 5. c4 c6 6. d4 cxd5 7. c5 Nc6 8. Bb5 Qe7+ 9. Be2 g5 10. 0-0 h6 11. b4 a6 12. Qa4 Bg7 13. b5 0-0 14. bxc6 Qxe2 15. Nc3 Qe6 16. c7 Bd7 17. Qb4 Bc6 18. Re1 Ne4 19. Bb2 Rac8 20. Qa5 Qf5 21. h3 h5 22. Rad1 g4 23. Nxe4 dxe4 24. Ne5 Bxe5 25. dxe5 gxh3 26. Qc3 e3 27. e6 f6 0-1

[Event "RC-2015-0-00176"]
[Site "LSS email"]
[Date "2015.08.07"]
[Round "?"]
[White "Hosak, Wilfried"]
[Black "Bier, Ingrid"]
[Result "1-0"]
[WhiteElo "1817"]
[BlackElo "1944"]
[PlyCount "69"]
[EventDate "2015.06.17"]
[EventType "tourn (corr)"]
[EventRounds "6"]
[EventCountry "GER"]
[SourceTitle "Corr 2022"]
[Source "ChessBase"]
[SourceDate "2021.10.24"]
[SourceVersion "1"]
[SourceVersionDate "2021.10.24"]
[SourceQuality "1"]

1. e4 e5 2. Nf3 Nc6 3. Bc4 Bc5 4. c3 Nf6 5. d3 0-0 6. 0-0 d6 7. a4 a6 8. b4 Ba7 9. Bb3 Re8 10. Qc2 h6 11. Nbd2 Nh5 12. Nc4 Bg4 13. Qd1 Qf6 14. Kh1 Ne7 15. a5 Bxf3 16. Qxf3 Qxf3 17. gxf3 Ng6 18. Ne3 Nhf4 19. Nd5 Ne6 20. Rg1 Kh7 21. Be3 c6 22. Bxa7 Rxa7 23. Nb6 Ngf4 24. Bxe6 Rxe6 25. Rgd1 Rg6 26. Rac1 Nh3 27. Rc2 Ng5 28. f4 exf4 29. f3 Re6 30. Rf1 f5 31. h4 Nf7 32. exf5 Re5 33. Rg1 Rxf5 34. Rcg2 g5 35. d4 1-0

[Event "RC-2014-0-00162"]
[Site "LSS email"]
[Date "2014.11.26"]
[Round "?"]
[White "Bier, Ingrid"]
[Black "Le Duigou, Jean Guy"]
[Result "1-0"]
[WhiteElo "1643"]
[BlackElo "1573"]
[PlyCount "63"]
[EventDate "2014.09.24"]
[EventType "tourn (corr)"]
[EventRounds "6"]
[EventCountry "GER"]
[SourceTitle "Corr 2015"]
[Source "ChessBase"]
[SourceDate "2015.07.17"]
[SourceVersion "1"]
[SourceVersionDate "2015.07.17"]
[SourceQuality "1"]

1. e4 e6 2. d4 d5 3. e5 c5 4. c3 Nc6 5. Nf3 Bd7 6. Be2 Nge7 7. 0-0 Ng6 8. g3 Rc8 9. h4 cxd4 10. cxd4 Nge7 11. Nc3 Nf5 12. Bg5 Qb6 13. Na4 Qa5 14. Rc1 h6 15. Bd2 Qd8 16. Bf4 Be7 17. h5 0-0 18. g4 Nh4 19. Nxh4 Bxh4 20. Nc5 Qe7 21. Be3 Be8 22. f4 b6 23. Nd3 Bd7 24. Qd2 f6 25. Kg2 fxe5 26. Nxe5 Nxe5 27. dxe5 Qd8 28. Rxc8 Qxc8 29. Qd3 Qe8 30. Rc1 Bd8 31. Qg6 Qxg6 32. hxg6 1-0

[Event "RC-2014-0-00162"]
[Site "LSS email"]
[Date "2014.11.26"]
[Round "?"]
[White "Bier, Ingrid"]
[Black "Makushev, Igorj"]
[Result "0-1"]
[WhiteElo "1643"]
[BlackElo "1742"]
[PlyCount "72"]
[EventDate "2014.09.24"]
[EventType "tourn (corr)"]
[EventRounds "6"]
[EventCountry "GER"]
[SourceTitle "Corr 2015"]
[Source "ChessBase"]
[SourceDate "2015.07.17"]
[SourceVersion "1"]
[SourceVersionDate "2015.07.17"]
[SourceQuality "1"]

1. e4 e6 2. d4 d5 3. e5 c5 4. Bd2 Nc6 5. c3 Qb6 6. b4 cxd4 7. Nf3 dxc3 8. Nxc3 Bxb4 9. Rb1 Qa5 10. Rb3 Nge7 11. Bd3 Ng6 12. 0-0 0-0 13. Re1 Qd8 14. h4 Be7 15. g3 f5 16. exf6 Rxf6 17. Bc2 h6 18. h5 Nf8 19. Nb5 Bc5 20. Bc3 Rf7 21. Bd4 b6 22. Be3 Qf6 23. Kg2 a6 24. Bxc5 bxc5 25. Nd6 Rd7 26. Nxc8 Rxc8 27. Rbe3 Rf7 28. Qd2 d4 29. Ra3 c4 30. Be4 d3 31. Rc1 Ne5 32. Qe3 Ng4 33. Qe1 Qd8 34. Rd1 Qd6 35. Rc3 Rc5 36. Bxd3 cxd3 0-1

[Event "RC-2014-0-00162"]
[Site "LSS email"]
[Date "2014.11.26"]
[Round "?"]
[White "Vasek, Vladimir"]
[Black "Bier, Ingrid"]
[Result "1-0"]
[WhiteElo "1646"]
[BlackElo "1643"]
[PlyCount "65"]
[EventDate "2014.09.24"]
[EventType "tourn (corr)"]
[EventRounds "6"]
[EventCountry "GER"]
[SourceTitle "Corr 2015"]
[Source "ChessBase"]
[SourceDate "2015.07.17"]
[SourceVersion "1"]
[SourceVersionDate "2015.07.17"]
[SourceQuality "1"]

1. e4 e5 2. Nf3 Nc6 3. Bb5 a6 4. Ba4 Nf6 5. 0-0 Be7 6. Re1 0-0 7. c3 b5 8. Bb3 d6 9. h3 Na5 10. Bc2 c5 11. d4 Nd7 12. Nbd2 exd4 13. cxd4 Nc6 14. d5 Nce5 15. a4 Bb7 16. Nxe5 Nxe5 17. f4 Ng6 18. Nf3 Re8 19. Kh2 Qd7 20. f5 Nf8 21. g4 Qc8 22. g5 Bd8 23. Rg1 Bb6 24. Be3 g6 25. f6 Nd7 26. Rf1 Qc7 27. Qe1 c4 28. Bxb6 Qxb6 29. axb5 axb5 30. Qh4 Kh8 31. Qh6 Rg8 32. Rxa8 Rxa8 33. Qg7# 1-0

[Event "ZI-2014-0-01819"]
[Site "LSS email"]
[Date "2014.05.17"]
[Round "?"]
[White "Cardoso do Espirito Santo, Rubens"]
[Black "Bier, Ingrid"]
[Result "0-1"]
[WhiteElo "1873"]
[BlackElo "1929"]
[PlyCount "170"]
[EventDate "2014.05.03"]
[EventType "match (corr)"]
[EventRounds "2"]
[EventCountry "GER"]
[SourceTitle "Corr 2022"]
[Source "ChessBase"]
[SourceDate "2021.10.24"]
[SourceVersion "1"]
[SourceVersionDate "2021.10.24"]
[SourceQuality "1"]

1. e4 e5 2. Nf3 Nc6 3. Bb5 a6 4. Ba4 Nf6 5. 0-0 Be7 6. Re1 0-0 7. Bxc6 dxc6 8. Nxe5 Re8 9. Nf3 c5 10. d3 b6 11. h3 Bb7 12. Nc3 c4 13. Bf4 Bb4 14. a3 Ba5 15. Bg5 h6 16. Bh4 g5 17. Bg3 c5 18. Ne5 cxd3 19. cxd3 b5 20. Re3 Kg7 21. Qb3 Re7 22. Ng4 Nxg4 23. hxg4 Qd4 24. a4 c4 25. dxc4 Qxc4 26. Qxc4 bxc4 27. Rd1 Rd8 28. Rxd8 Bxd8 29. Re2 Rd7 30. Rc2 Bf6 31. e5 Bd8 32. Ne2 Bd5 33. Nd4 Kg6 34. Nf5 h5 35. Nd6 h4 36. Bh2 Ba5 37. f4 Bb6+ 38. Kf1 gxf4 39. Bxf4 Be6 40. g5 Rd8 41. Ke2 Bg4+ 42. Ke1 Rb8 43. Nxc4 Rc8 44. b3 Bc5 45. Rc1 Kh5 46. Bd2 Bd4 47. Kf1 Be6 48. Ke2 Rc5 49. Bf4 Rd5 50. Ne3 Rc5 51. Nc4 Rd5 52. Rc2 Bf5 53. Rd2 Bg4+ 54. Kf1 Be6 55. Rd1 Ba7 56. Rxd5 Bxd5 57. Bd2 Bc5 58. Bf4 Bd4 59. a5 Be4 60. Nd6 Bd3+ 61. Ke1 Kg6 62. Kd2 Bf1 63. g4 Bc5 64. Nf5 h3 65. Nh4+ Kg7 66. Nf5+ Kh7 67. Nh4 Bb4+ 68. Ke3 Bxa5 69. Kf2 Bd3 70. Kg3 Bc2 71. g6+ fxg6 72. e6 Bxb3 73. e7 Ba4 74. Bd6 Bc3 75. Nf3 Kg7 76. Ne5 a5 77. Bc7 Be8 78. Nc4 a4 79. Bd6 Kf7 80. Kxh3 Ke6 81. Ba3 Bf6 82. Kg3 Bxe7 83. Bb2 Kd5 84. Na3 Bxa3 85. Bxa3 Kc4 0-1

[Event "WC-2014-P-00020"]
[Site "LSS email"]
[Date "2014.02.03"]
[Round "?"]
[White "Bier, Ingrid"]
[Black "Nowak, Ireneusz"]
[Result "1/2-1/2"]
[WhiteElo "1945"]
[BlackElo "2151"]
[PlyCount "126"]
[EventDate "2014.02.10"]
[EventType "tourn (corr)"]
[EventRounds "12"]
[EventCountry "GER"]
[SourceTitle "Corr 2022"]
[Source "ChessBase"]
[SourceDate "2021.10.24"]
[SourceVersion "1"]
[SourceVersionDate "2021.10.24"]
[SourceQuality "1"]

1. e4 e5 2. Nf3 Nc6 3. Bb5 a6 4. Ba4 Nf6 5. 0-0 Be7 6. d3 b5 7. Bb3 0-0 8. Nc3 d6 9. a3 Bg4 10. Be3 Nd4 11. Bxd4 exd4 12. Nd5 Nd7 13. h3 Bxf3 14. Qxf3 c6 15. Nf4 Bf6 16. Nh5 Be7 17. Qf4 g6 18. Ng3 a5 19. Ba2 a4 20. Ne2 Qb6 21. Qg3 Rae8 22. Rab1 Nf6 23. Nf4 d5 24. exd5 c5 25. Qf3 Bd6 26. Ne2 Kg7 27. c3 Re5 28. Ng3 dxc3 29. bxc3 Rb8 30. Qd1 Qa7 31. Qd2 h6 32. c4 b4 33. d4 Ree8 34. dxc5 Bxg3 35. axb4 Ne4 36. Qd3 Be5 37. Rfe1 f5 38. f3 Nxc5 39. bxc5 Qxc5+ 40. Kh1 Qf2 41. Qf1 Qxf1+ 42. Rxf1 Rxb1 43. Bxb1 Bd6 44. Rc1 a3 45. c5 Bxc5 46. Rxc5 Re1+ 47. Kh2 Rxb1 48. Ra5 Rb3 49. Kg3 Kf6 50. Ra6+ Ke5 51. Rxg6 f4+ 52. Kh4 Kxd5 53. Rxh6 a2 54. Ra6 Rb2 55. Kg4 Rxg2+ 56. Kxf4 Kd4 57. h4 Kc3 58. h5 Kb2 59. h6 Rc2 60. Kg5 a1Q 61. Rxa1 Kxa1 62. f4 Kb2 63. f5 Rg2+ 1/2-1/2

[Event "WC-2014-P-00020"]
[Site "LSS email"]
[Date "2014.02.03"]
[Round "?"]
[White "Bier, Ingrid"]
[Black "Wosch, Arkadiusz Janusz"]
[Result "1/2-1/2"]
[WhiteElo "1945"]
[BlackElo "2309"]
[PlyCount "60"]
[EventDate "2014.02.10"]
[EventType "tourn (corr)"]
[EventRounds "12"]
[EventCountry "GER"]
[SourceTitle "Corr 2022"]
[Source "ChessBase"]
[SourceDate "2021.10.24"]
[SourceVersion "1"]
[SourceVersionDate "2021.10.24"]
[SourceQuality "1"]

1. e4 c5 2. Nf3 Nc6 3. d4 cxd4 4. Nxd4 Nf6 5. Nc3 d6 6. Bg5 e6 7. Qd2 a6 8. 0-0-0 Bd7 9. f4 b5 10. Bxf6 gxf6 11. Kb1 Qb6 12. Nce2 h5 13. Qd3 Ne7 14. g3 Rc8 15. h4 a5 16. Bg2 b4 17. c4 bxc3 18. Nxc3 Rb8 19. Rd2 Bg7 20. a4 0-0 21. Ndb5 Bxb5 22. Nxb5 Rfd8 23. Rhd1 f5 24. exf5 Nxf5 25. Bh3 Nh6 26. f5 exf5 27. Bxf5 d5 28. Bh3 Re8 29. Qc2 Re3 30. Rxd5 Rxg3 1/2-1/2

[Event "WC-2014-P-00020"]
[Site "LSS email"]
[Date "2014.02.03"]
[Round "?"]
[White "Laczay, Istvan"]
[Black "Bier, Ingrid"]
[Result "0-1"]
[WhiteElo "1677"]
[BlackElo "1945"]
[PlyCount "58"]
[EventDate "2014.02.10"]
[EventType "tourn (corr)"]
[EventRounds "12"]
[EventCountry "GER"]
[SourceTitle "Corr 2022"]
[Source "ChessBase"]
[SourceDate "2021.10.24"]
[SourceVersion "1"]
[SourceVersionDate "2021.10.24"]
[SourceQuality "1"]

1. d4 Nf6 2. c4 e6 3. Nc3 Bb4 4. f3 d5 5. a3 Bxc3+ 6. bxc3 c5 7. cxd5 exd5 8. e3 c4 9. Ne2 Nc6 10. g4 0-0 11. Bg2 Na5 12. Ng3 Nb3 13. Rb1 b5 14. g5 Ne8 15. e4 Rb8 16. Bf4 Rb6 17. 0-0 Ra6 18. Rxb3 cxb3 19. Qxb3 Nc7 20. h4 Be6 21. Qb4 Qd7 22. Be5 Ne8 23. Rb1 Rb6 24. Nh5 Bh3 25. exd5 f6 26. gxf6 Bxg2 27. Kxg2 Qf7 28. Nxg7 Rxf6 29. Bxf6 Qxf6 0-1

[Event "WC-2014-P-00020"]
[Site "LSS email"]
[Date "2014.02.03"]
[Round "?"]
[White "Nowak, Ireneusz"]
[Black "Bier, Ingrid"]
[Result "1-0"]
[WhiteElo "2151"]
[BlackElo "1945"]
[PlyCount "77"]
[EventDate "2014.02.10"]
[EventType "tourn (corr)"]
[EventRounds "12"]
[EventCountry "GER"]
[SourceTitle "Corr 2022"]
[Source "ChessBase"]
[SourceDate "2021.10.24"]
[SourceVersion "1"]
[SourceVersionDate "2021.10.24"]
[SourceQuality "1"]

1. e4 e5 2. Nf3 Nc6 3. Bc4 Nf6 4. d4 exd4 5. 0-0 Nxe4 6. Re1 d5 7. Bxd5 Qxd5 8. Nc3 Qa5 9. Nxe4 Be6 10. Neg5 0-0-0 11. Nxe6 fxe6 12. Rxe6 h6 13. Qe2 g5 14. h4 gxh4 15. Nxh4 Qd5 16. Ng6 Rg8 17. Nf4 Qf5 18. Qe4 Qf7 19. Bd2 Bd6 20. Rxh6 Ne5 21. Bb4 Ng4 22. Rxd6 cxd6 23. Qxd4 Ne5 24. Qe4 Rge8 25. Nd5 Nc6 26. Qc4 Kb8 27. Bc3 Rg8 28. Qe4 Rde8 29. Qd3 Ne5 30. Bxe5 Rxe5 31. Rd1 Rf5 32. Ne7 Qxe7 33. Qxf5 Ka8 34. g3 Rf8 35. Qd3 Qf7 36. Qe2 Qxa2 37. b3 Qa3 38. Rd5 Qa1+ 39. Qd1 1-0

[Event "WC-2014-P-00020"]
[Site "LSS email"]
[Date "2014.02.03"]
[Round "?"]
[White "Sandocal, Uzmir"]
[Black "Bier, Ingrid"]
[Result "1/2-1/2"]
[WhiteElo "1768"]
[BlackElo "1945"]
[PlyCount "87"]
[EventDate "2014.02.10"]
[EventType "tourn (corr)"]
[EventRounds "12"]
[EventCountry "GER"]
[SourceTitle "Corr 2022"]
[Source "ChessBase"]
[SourceDate "2021.10.24"]
[SourceVersion "1"]
[SourceVersionDate "2021.10.24"]
[SourceQuality "1"]

1. d4 Nf6 2. c4 g6 3. Nc3 Bg7 4. e4 d6 5. Nf3 0-0 6. Be2 Nbd7 7. 0-0 e5 8. dxe5 dxe5 9. Be3 c6 10. b4 Qe7 11. a3 a5 12. Qb3 b6 13. Rfb1 Ng4 14. Bg5 Ngf6 15. b5 cxb5 16. Nd5 Qd6 17. Nd2 Bb7 18. Qf3 Rac8 19. Rxb5 Nxd5 20. cxd5 Ba6 21. Rbb1 Bxe2 22. Qxe2 f5 23. Nc4 Qc5 24. Rc1 fxe4 25. d6 Bf6 26. Be3 Qd5 27. h3 Rc6 28. Rab1 Rfc8 29. Qg4 Qf7 30. Nb2 Kg7 31. Qxe4 Nc5 32. Qg4 h5 33. Qd1 Qe6 34. Nc4 Bd8 35. Nxe5 Rxd6 36. Qe2 Bf6 37. Nc4 Rdc6 38. Re1 R8c7 39. Rb5 Kf7 40. f4 Kg8 41. Nxb6 Rxb6 42. Rxc5 Rxc5 43. Bxc5 Qxe2 44. Rxe2 1/2-1/2

[Event "WC-2014-P-00020"]
[Site "LSS email"]
[Date "2014.02.03"]
[Round "?"]
[White "Wosch, Arkadiusz Janusz"]
[Black "Bier, Ingrid"]
[Result "0-1"]
[WhiteElo "2309"]
[BlackElo "1945"]
[PlyCount "58"]
[EventDate "2014.02.10"]
[EventType "tourn (corr)"]
[EventRounds "12"]
[EventCountry "GER"]
[SourceTitle "Corr 2022"]
[Source "ChessBase"]
[SourceDate "2021.10.24"]
[SourceVersion "1"]
[SourceVersionDate "2021.10.24"]
[SourceQuality "1"]

1. e4 e5 2. Nf3 Nc6 3. Bc4 Nf6 4. d3 Bc5 5. c3 d6 6. 0-0 a6 7. Bb3 0-0 8. Nbd2 h6 9. Re1 Ba7 10. h3 Nh5 11. Nf1 Qf6 12. Be3 Nf4 13. d4 h5 14. Kh1 h4 15. a4 Ne7 16. a5 Neg6 17. N1h2 Qe7 18. Qc2 Qf6 19. Rad1 b6 20. Bd5 Nxd5 21. Bg5 Ne3 22. fxe3 Qe6 23. axb6 Bxb6 24. Bxh4 a5 25. Ra1 Re8 26. d5 Qd7 27. Nf1 Nxh4 28. Nxh4 a4 29. Nf3 Bc5 0-1

[Event "ZI-2013-0-01723"]
[Site "LSS email"]
[Date "2013.11.13"]
[Round "?"]
[White "Bier, Ingrid"]
[Black "Habes, Jiri"]
[Result "1-0"]
[WhiteElo "1937"]
[BlackElo "1785"]
[PlyCount "83"]
[EventDate "2013.11.08"]
[EventType "match (corr)"]
[EventRounds "2"]
[EventCountry "GER"]
[SourceTitle "Corr 2022"]
[Source "ChessBase"]
[SourceDate "2021.10.24"]
[SourceVersion "1"]
[SourceVersionDate "2021.10.24"]
[SourceQuality "1"]

1. e4 c6 2. d4 d5 3. e5 Bf5 4. Nf3 e6 5. Be2 c5 6. Be3 Nd7 7. 0-0 Ne7 8. c4 dxc4 9. Na3 Nd5 10. Nxc4 Be7 11. Nd6+ Bxd6 12. exd6 0-0 13. dxc5 Nxe3 14. fxe3 Nxc5 15. Qd4 Nd7 16. Rac1 Qb6 17. Rfd1 Rfd8 18. Rc7 Bg6 19. a4 Nf6 20. Qxb6 axb6 21. Ne5 Nd5 22. Rxb7 Nxe3 23. Nc6 Nxd1 24. Nxd8 Nxb2 25. Nc6 Be4 26. Rb8+ Rxb8 27. Nxb8 Kf8 28. Bb5 Bd3 29. Bc6 Nc4 30. Nd7+ Kg8 31. Bb5 Nxd6 32. Bxd3 Nc8 33. Ba6 Na7 34. Nxb6 f6 35. Bb7 Kf7 36. Nc8 Nxc8 37. Bxc8 Ke8 38. a5 Kd8 39. Bxe6 Kc7 40. Kf2 Kb7 41. Bf5 h5 42. Kg3 1-0

[Event "ZI-2013-0-01688"]
[Site "LSS email"]
[Date "2013.09.23"]
[Round "?"]
[White "Bier, Ingrid"]
[Black "Gajic, Sladjan"]
[Result "1-0"]
[WhiteElo "1506"]
[BlackElo "1701"]
[PlyCount "111"]
[EventDate "2013.09.16"]
[EventType "match (corr)"]
[EventRounds "2"]
[EventCountry "GER"]
[SourceTitle "Telechess CBM 167"]
[Source "ChessBase"]
[SourceDate "2015.07.13"]
[SourceVersion "1"]
[SourceVersionDate "2015.07.13"]
[SourceQuality "1"]

1. e4 c5 2. Nf3 d6 3. d4 cxd4 4. Nxd4 Nf6 5. Nc3 a6 6. Bg5 Nbd7 7. Bc4 Qa5 8. Qd2 e6 9. 0-0 Be7 10. Rfd1 h6 11. Bh4 Qb6 12. a4 Nc5 13. Qe1 0-0 14. b3 Re8 15. a5 Qc7 16. Bf1 Ncd7 17. Na4 d5 18. Bg3 Qd8 19. exd5 exd5 20. f3 Nh5 21. Bf2 Bd6 22. Qc3 Rb8 23. Re1 Ne5 24. Nb6 Nf6 25. Re3 Ned7 26. Rxe8+ Qxe8 27. Na4 Qd8 28. Re1 Qf8 29. Nf5 Bb4 30. Qc7 Bxe1 31. Bxe1 g6 32. Bc3 Ne8 33. Qg3 Kh7 34. Bd3 Ra8 35. Bd4 Nef6 36. Nh4 Qe8 37. Kf1 Nh5 38. Qd6 Ng7 39. Bb2 Qe6 40. Qf4 Qe7 41. Qd4 Qf8 42. Qxd5 Rb8 43. Nc3 b6 44. Ne4 bxa5 45. Nd6 Nb6 46. Qe5 Ra8 47. Qf6 Bf5 48. Ndxf5 Nxf5 49. Nxf5 Nd5 50. Qh4 Rb8 51. Be4 Rb4 52. c4 Rxb3 53. Bd4 h5 54. cxd5 Rb4 55. g4 f6 56. Bxf6 1-0

[Event "OP-2013-0-02976"]
[Site "LSS email"]
[Date "2013.09.02"]
[Round "?"]
[White "Bier, Ingrid"]
[Black "Mujica, Hector"]
[Result "1/2-1/2"]
[WhiteElo "1465"]
[BlackElo "1819"]
[PlyCount "78"]
[EventDate "2013.08.29"]
[EventType "tourn (corr)"]
[EventRounds "4"]
[EventCountry "GER"]
[SourceTitle "Telechess CBM 163"]
[Source "ChessBase"]
[SourceDate "2014.11.11"]
[SourceVersion "2"]
[SourceVersionDate "2014.11.11"]
[SourceQuality "1"]

1. e4 e5 2. Nf3 Nc6 3. Bb5 a6 4. Ba4 Nf6 5. Nc3 b5 6. Bb3 Be7 7. 0-0 d6 8. Re1 0-0 9. Nd5 Na5 10. Nxe7+ Qxe7 11. d3 h6 12. Bd2 Nxb3 13. axb3 Nd7 14. b4 Bb7 15. Bc3 f5 16. Nd2 Nb6 17. Nb3 Na4 18. Qd2 Rad8 19. Qe3 Nxc3 20. bxc3 fxe4 21. Na5 Ba8 22. dxe4 Qf7 23. f3 Rb8 24. Re2 Rb6 25. Rd1 d5 26. exd5 Bxd5 27. Red2 Rd6 28. h3 Re8 29. Nb3 e4 30. f4 Bxb3 31. cxb3 Rxd2 32. Rxd2 Re7 33. Rb2 h5 34. Ra2 Qe6 35. Ra1 Re8 36. Rd1 h4 37. Rd4 Kf7 38. c4 bxc4 39. bxc4 Qb6 1/2-1/2

[Event "OP-2013-0-02976"]
[Site "LSS email"]
[Date "2013.09.02"]
[Round "?"]
[White "Bier, Ingrid"]
[Black "Zholob, Anatoly"]
[Result "1/2-1/2"]
[WhiteElo "1465"]
[BlackElo "2080"]
[PlyCount "91"]
[EventDate "2013.08.29"]
[EventType "tourn (corr)"]
[EventRounds "4"]
[EventCountry "GER"]
[SourceTitle "Telechess CBM 163"]
[Source "ChessBase"]
[SourceDate "2014.11.11"]
[SourceVersion "2"]
[SourceVersionDate "2014.11.11"]
[SourceQuality "1"]

1. e4 e5 2. Nf3 Nc6 3. Bb5 a6 4. Ba4 Nf6 5. 0-0 Nxe4 6. Re1 Nc5 7. Bxc6 dxc6 8. Nxe5 Be7 9. d4 Ne6 10. Be3 0-0 11. Nc3 a5 12. Qd3 Re8 13. d5 cxd5 14. Nxd5 Bf6 15. Nf3 b6 16. Rad1 Bb7 17. c4 h6 18. b3 c5 19. Qf5 Bxd5 20. Rxd5 Qe7 21. g3 a4 22. Qg4 Nc7 23. Rd7 Qe6 24. Qxe6 Nxe6 25. Kg2 axb3 26. axb3 Reb8 27. h4 Ra3 28. Nd2 Bc3 29. Rb1 Nf8 30. Rd5 Re8 31. Nf3 Ne6 32. Rbd1 Ra2 33. h5 Rb2 34. Rd6 Rb8 35. R1d3 Bf6 36. Bf4 Nxf4+ 37. gxf4 b5 38. Rc6 bxc4 39. bxc4 Rc2 40. Rxc5 Rbb2 41. Kg3 Rxf2 42. f5 Kh7 43. Rc8 Be7 44. c5 Rfc2 45. c6 Rb5 46. Nd4 1/2-1/2

[Event "OP-2013-0-02976"]
[Site "LSS email"]
[Date "2013.09.02"]
[Round "?"]
[White "Celan, Melissa"]
[Black "Bier, Ingrid"]
[Result "1/2-1/2"]
[WhiteElo "1429"]
[BlackElo "1465"]
[PlyCount "72"]
[EventDate "2013.08.29"]
[EventType "tourn (corr)"]
[EventRounds "4"]
[EventCountry "GER"]
[SourceTitle "Telechess CBM 163"]
[Source "ChessBase"]
[SourceDate "2014.11.11"]
[SourceVersion "2"]
[SourceVersionDate "2014.11.11"]
[SourceQuality "1"]

1. d4 Nf6 2. c4 e6 3. a3 d5 4. cxd5 exd5 5. Nc3 h6 6. Bf4 Bd6 7. Bxd6 Qxd6 8. e3 0-0 9. Bd3 b6 10. b4 Bd7 11. Nge2 c5 12. bxc5 bxc5 13. dxc5 Qxc5 14. 0-0 Nc6 15. Bb5 Rfb8 16. Bxc6 Bxc6 17. Qd3 Bb5 18. Nxb5 Qxb5 19. Qxb5 Rxb5 20. Nd4 Rb2 21. f3 Rab8 22. Rf2 Rxf2 23. Kxf2 Nd7 24. Nc6 Rb2+ 25. Kg1 Nf8 26. Ne7+ Kh7 27. Nxd5 Ng6 28. Nc3 Rc2 29. Nd1 Nh4 30. Nf2 Kg6 31. e4 f5 32. exf5+ Kxf5 33. a4 g5 34. a5 Ke6 35. Kf1 Kd5 36. h3 Kc6 1/2-1/2